Movies Quiz

Random Movies or Actor Quiz

Great Actor, Bad Review II Quiz Stats

Quiz Updated Sep 8, 2015

Challenge
Share
Tweet
Embed
Score 0/27 Timer 07:00
0 Plays Today
Bad Movie % Correct
Jim CarreyBruce Almighty
86.1%
Nicolas CageNational Treasure
83.6%
Nicolas CageCon Air
71%
Tom CruiseValkyrie
67.3%
Mark WahlbergThe Italian Job
62.5%
Bruce WillisArmageddon
62.1%
Johnny DeppSleepy Hollow
58.8%
Mark WahlbergTed
55.6%
George ClooneyBurn After Reading
55.5%
Jim CarreyDumb and Dumber
53.1%
Hugh JackmanThe Prestige
52.5%
George ClooneyThe Descendants
52.3%
Johnny DeppPirates of the Caribbean: At World's End
51.7%
Bruce WillisUnbreakable
48.3%
Bad Movie % Correct
Jake GyllenhaalDonnie Darko
47.1%
Jim CarreyThe Number 23
46.3%
Nicolas CageKick-Ass
41.5%
Johnny DeppFear and Loathing in Las Vegas
41.2%
Jake GyllenhaalThe Day After Tomorrow
34.3%
Tom CruiseCollateral
33.9%
George ClooneyBatman & Robin
30.1%
Hugh JackmanReal Steel
29.9%
Tom CruiseMagnolia
28.5%
Mark WahlbergLone Survivor
28.4%
Jake GyllenhaalZodiac
28.3%
Hugh JackmanSwordfish
23.3%
Bruce WillisLucky Number Slevin
11.4%

You're not logged in!

Compare scores with friends on all Sporcle quizzes.
Sign Up with Email
OR
Log In

You Might Also Like...

Show Comments

Extras

Top Quizzes Today


Score Distribution

Your Account Isn't Verified!

In order to create a playlist on Sporcle, you need to verify the email address you used during registration. Go to your Sporcle Settings to finish the process.